American History Multiple Choice - Statistics

General Stats
  • This quiz has been taken 53 times
    7 since last reset
  • The average score is 9 of 11
Answer Stats
Question Answer % Correct
Which of these presidents got assassinated? William McKinley
100%
Who was the U.S President during WW1? Woodrow Wilson
100%
What year did the U.S adopt the Constitution we use today? 1787
86%
What year did the U.S join WW1? 1917
86%
What year did the U.S join WW2? 1941
86%
What was the last state admitted? Hawaii
86%
Who was the U.S President that signed The Civil Rights Act Lyndon B. Johnson
86%
Which president was the first to not be elected to the presidency in any form? Gerald Ford
71%
Who was the president at the end of WW2? Harry S. Truman
71%
What would happen to slaves after serving on the American side in the Revolutionary War? They would be freed after the war
57%
What year did Illinois become a State? 1818
29%
No matching quizzes found
Score Distribution
Percent of People with Each Score
Percentile by Number Answered
Your Score History
You have not taken this quiz since the last reset